| 000 | 00842nam a22002777a 4500 | ||
|---|---|---|---|
| 001 | 5611 | ||
| 003 | FISKH | ||
| 005 | 20250827085638.0 | ||
| 008 | 241220b cb ||||| |||| 00| 0 eng d | ||
| 020 | _a9780516225531 | ||
| 040 |
_aFISKH _beng _cFISKH _dFISKH |
||
| 050 | _aQC133.5 | ||
| 082 | _a531.113 | ||
| 100 | _aMurphy, Patricia J. | ||
| 245 |
_aUp and down / _cBy Patricia J. Murphy ; Consultant Martha Walsh, Reading Specialist Jan Jenner, Ph.D. |
||
| 260 |
_aChildren Press : _bNew York, _c2002. |
||
| 300 |
_a31 pages : _bcolor illustrations ; _c19 cm |
||
| 490 | _aRookie read about science | ||
| 505 | _aG | ||
| 520 | _aA simple introduction to up and down movement. | ||
| 521 | 8 |
_a380
_bLexile |
|
| 521 | 8 |
_aG
_bRaz-Plus |
|
| 650 |
_aGravity _vMotion _xPhysics |
||
| 942 |
_2ddc _cBK _n0 |
||
| 999 |
_c5611 _d5611 |
||